000 00651nam a2200229Ia 4500
003 OSt
005 20220918182220.0
006 a|||||r|||| 00| 0
007 ta
008 220917b |||||||| |||| 00| 0 eng d
024 _a31,313
037 _cTextual
040 _aARTS
_cARTS
_beng
041 _2eng
_aeng
082 _aO111,6M17,1, B9;K1
100 _aThoreau Henry David
_911408
245 0 _aWeek on the concord and merrimack rivers
260 _aNew York
_bNew American Library USA
_c1961
650 _aENGLISH LITERATURE
942 _hO111,6M17,1, B9;K1
_cTEXL
_2CC
999 _c168222
_d168222